000 00517nam a2200193Ia 4500
005 20250508162728.0
008 008 250505s9999 xx 000 0 eng d
020 _a0-86132-066-2
037 _aTextual
040 _aFEDL
_beng
_cFEDL
041 _aeng
_2eng
084 _a307.72, DES
_qFEDL
100 _aDesai A. R.
245 0 _aRural sociology in India
260 _aBombay, India
_bPopular Prakashan
_c1984
300 _axx,968p
942 _cTEXL
_h307.72, DES
999 _c1378345
_d1378345